[Event "DVM U20 2015"]
[Site "Osnabrück GER"]
[Date "2015.12.29"]
[Round "6"]
[White "Nguyen, Anh Van"]
[Black "Komarov, Jan"]
[Result "0-1"]
[Termination "normal"]
[Board "4.6"]
[WhiteElo "1602"]
[BlackElo "1841"]
[WhiteTeam "USV Potsdam"]
[BlackTeam "SK München Südost"]
[PlyCount "44"]
[WhiteFideId "12908223"]
[BlackFideId "12959430"]
[EventCountry "GER"]
[EventRounds "7"]
[EventType "team-swiss"]
[EventDate "2015.12.26"]

1. e4 c5 2. Nf3 d6 3. c3 Nf6 4. Be2 g6 5. d3 Bg7 6. h3 O-O 7. Be3 Nc6 8. Qd2
Re8 9. Nh2 Rb8 10. Bh6 Bh8 11. g4 b5 12. h4 b4 13. h5 bxc3 14. Nxc3 d5 15. f3
dxe4 16. fxe4 c4 17. dxc4 Qxd2+ 18. Bxd2 Rxb2 19. Rb1 Rxb1+ 20. Nxb1 Nd4 21.
Bd3 Nxg4 22. Bc3 Nxh2 0-1

[Event "DVM U20 2015"]
[Site "Osnabrück GER"]
[Date "2015.12.29"]
[Round "6"]
[White "Peng, Xiang-Tobias"]
[Black "Martin, Julian"]
[Result "1-0"]
[Termination "normal"]
[Board "5.1"]
[WhiteElo "2039"]
[BlackElo "2171"]
[WhiteTeam "Heilbronner SV"]
[BlackTeam "OSG Baden-Baden"]
[PlyCount "103"]
[WhiteFideId "12964328"]
[BlackFideId "12941000"]
[EventCountry "GER"]
[EventRounds "7"]
[EventType "team-swiss"]
[EventDate "2015.12.26"]

1. e4 c5 2. Nf3 Nc6 3. d4 cxd4 4. Nxd4 e5 5. Nb5 d6 6. N1c3 a6 7. Na3 b5 8. Nd5
Nge7 9. c4 Nxd5 10. Qxd5 Bd7 11. Be3 b4 12. Nc2 Be7 13. Be2 O-O 14. O-O Qc7 15.
Qd2 a5 16. f4 exf4 17. Bxf4 Ne5 18. Ne3 Be6 19. Rac1 Bf6 20. Rfd1 Rfd8 21. Nd5
Bxd5 22. Qxd5 Qc5+ 23. Qxc5 dxc5 24. Be3 Nc6 25. Bxc5 Bxb2 26. Rxd8+ Rxd8 27.
Rd1 Bd4+ 28. Bxd4 Rxd4 29. Kf2 a4 30. Ke3 Rxd1 31. Bxd1 b3 32. a3 f6 33. Kd2
Kf7 34. Kc3 Ke6 35. c5 Ke5 36. Bg4 Nb8 37. Be2 Nd7 38. Kc4 Kf4 39. Kd4 Nxc5 40.
Kxc5 Ke3 41. Bc4 Kf2 42. Kb4 Kxg2 43. Kxa4 b2 44. Bd3 Kxh2 45. Kb3 g5 46. Kxb2
g4 47. e5 fxe5 48. a4 g3 49. Be4 g2 50. Bxg2 Kxg2 51. a5 e4 52. a6 1-0

[Event "DVM U20 2015"]
[Site "Osnabrück GER"]
[Date "2015.12.29"]
[Round "6"]
[White "Becker, Dirk"]
[Black "Wenninger, Patrick"]
[Result "1-0"]
[Termination "normal"]
[Board "5.2"]
[WhiteElo "2212"]
[BlackElo "1768"]
[WhiteTeam "OSG Baden-Baden"]
[BlackTeam "Heilbronner SV"]
[PlyCount "69"]
[WhiteFideId "12938564"]
[BlackFideId "12927880"]
[EventCountry "GER"]
[EventRounds "7"]
[EventType "team-swiss"]
[EventDate "2015.12.26"]

1. e4 c6 2. Ne2 d5 3. e5 c5 4. d4 Nc6 5. c3 Bg4 6. Be3 e6 7. f3 Bf5 8. dxc5
Nxe5 9. Nd4 Bg6 10. Bb5+ Nd7 11. b4 Ngf6 12. O-O Be7 13. c6 bxc6 14. Nxc6 Qc7
15. Nxe7 Kxe7 16. Qb3 Rhc8 17. Ba6 Rd8 18. Nd2 Kf8 19. Rac1 e5 20. Rfe1 Qc6 21.
Bf1 Rac8 22. b5 Qc7 23. Qb4+ Kg8 24. Nb3 Nb6 25. a4 Nc4 26. Bf2 Ne8 27. Nc5
Ned6 28. Red1 Nb7 29. Na6 Qa5 30. Qe7 Nbd6 31. Rxd5 Nf5 32. Rxd8+ Rxd8 33. Qxa7
Qxa4 34. Qc7 Qa5 35. Bxc4 1-0

[Event "DVM U20 2015"]
[Site "Osnabrück GER"]
[Date "2015.12.29"]
[Round "6"]
[White "Degenhard, Simon"]
[Black "Martin, Richard"]
[Result "0-1"]
[Termination "normal"]
[Board "5.3"]
[WhiteElo "1929"]
[BlackElo "2005"]
[WhiteTeam "Heilbronner SV"]
[BlackTeam "OSG Baden-Baden"]
[PlyCount "96"]
[WhiteFideId "12944017"]
[BlackFideId "12925691"]
[EventCountry "GER"]
[EventRounds "7"]
[EventType "team-swiss"]
[EventDate "2015.12.26"]

1. e4 c5 2. Nf3 d6 3. d4 cxd4 4. Nxd4 Nf6 5. Nc3 a6 6. Be3 e5 7. Nb3 Be6 8. f3
Be7 9. Qd2 O-O 10. O-O-O Nbd7 11. g4 b5 12. g5 b4 13. Nd5 Nxd5 14. exd5 Bf5 15.
h4 a5 16. Bd3 Bxd3 17. Qxd3 a4 18. Nd2 Qa5 19. h5 b3 20. Kb1 bxa2+ 21. Ka1 f5
22. gxf6 Bxf6 23. Ne4 Qa6 24. Qa3 Qe2 25. Qxd6 Qxf3 26. Qxd7 Qxe4 27. Qe6+ Kh8
28. h6 a3 29. hxg7+ Bxg7 30. Bd4 Qxc2 31. Rc1 Qxc1+ 32. Rxc1 exd4 33. Kxa2
axb2+ 34. Kxb2 d3+ 35. Kb3 Rfb8+ 36. Kc4 Rc8+ 37. Kxd3 Rxc1 38. d6 Rd8 39. Kd2
Rc6 40. Qf7 Rcxd6+ 41. Ke2 Rf6 42. Qh5 Rdf8 43. Qc5 Rf5 44. Qb6 h5 45. Qa7 Kh7
46. Qa4 Rf4 47. Qb5 R8f5 48. Qb3 Rf2+ 0-1

[Event "DVM U20 2015"]
[Site "Osnabrück GER"]
[Date "2015.12.29"]
[Round "6"]
[White "Steimbach, Isabel"]
[Black "Mikeler, Marcel"]
[Result "1/2-1/2"]
[Termination "normal"]
[Board "5.4"]
[WhiteElo "1974"]
[BlackElo "1737"]
[WhiteTeam "OSG Baden-Baden"]
[BlackTeam "Heilbronner SV"]
[PlyCount "76"]
[WhiteFideId "24692174"]
[BlackFideId "12927856"]
[EventCountry "GER"]
[EventRounds "7"]
[EventType "team-swiss"]
[EventDate "2015.12.26"]

1. e4 c6 2. d4 d5 3. exd5 cxd5 4. Bd3 Nc6 5. c3 Qc7 6. Ne2 Bg4 7. f3 Bd7 8. O-O
Nf6 9. Bf4 e5 10. Bxe5 Nxe5 11. dxe5 Qxe5 12. Nd4 O-O-O 13. Qe2 Bd6 14. Qxe5
Bxe5 15. Na3 Ne8 16. Nac2 g6 17. Rfe1 Bf6 18. Rac1 Nc7 19. Re2 Rhe8 20. Rce1 a6
21. Kf2 Ne6 22. g3 Nc5 23. Rd2 Nxd3+ 24. Rxd3 Rxe1 25. Kxe1 Kc7 26. Ne3 Be6 27.
Kf2 h5 28. Ng2 Bg5 29. Rd1 Rd6 30. h4 Bh6 31. f4 Bd7 32. Ne3 Bc6 33. Nf3 Bg7
34. Ne5 Bxe5 35. fxe5 Rd7 36. Rd4 Kd8 37. Kf3 Ke7 38. Kf4 Ke6 1/2-1/2

[Event "DVM U20 2015"]
[Site "Osnabrück GER"]
[Date "2015.12.29"]
[Round "6"]
[White "Ignatov, Dmitriy"]
[Black "Jurga, Jonas Vincent"]
[Result "0-1"]
[Termination "normal"]
[Board "5.5"]
[WhiteElo "1719"]
[BlackElo "1933"]
[WhiteTeam "Heilbronner SV"]
[BlackTeam "OSG Baden-Baden"]
[PlyCount "86"]
[WhiteFideId "12927872"]
[BlackFideId "12968013"]
[EventCountry "GER"]
[EventRounds "7"]
[EventType "team-swiss"]
[EventDate "2015.12.26"]

1. e4 c5 2. Nf3 d6 3. d4 cxd4 4. Nxd4 Nf6 5. Nc3 a6 6. h3 Nc6 7. g4 h6 8. Be3
e6 9. Bg2 Be7 10. Qd2 Nxd4 11. Bxd4 e5 12. Be3 Bd7 13. f4 Qa5 14. O-O-O b5 15.
Kb1 Be6 16. Nd5 Qxd2 17. Rxd2 Bxd5 18. exd5 Nd7 19. fxe5 Nxe5 20. Bd4 Bf6 21.
Re1 O-O-O 22. b3 h5 23. gxh5 Rxh5 24. Rf1 Re8 25. c4 bxc4 26. bxc4 Kc7 27. c5
Rb8+ 28. Kc2 Nc4 29. Bxf6 Nxd2 30. cxd6+ Kxd6 31. Kxd2 gxf6 32. Rxf6+ Ke5 33.
Rf2 Rb2+ 34. Ke3 Rxf2 35. Kxf2 Rh4 36. Kg3 Ra4 37. h4 Rxa2 38. h5 Rb2 39. Bf1
Rb6 40. Bc4 Kf5 41. d6 Rxd6 42. Bxf7 Kg5 43. Kf3 Rf6+ 0-1

[Event "DVM U20 2015"]
[Site "Osnabrück GER"]
[Date "2015.12.29"]
[Round "6"]
[White "Toptschiev, David"]
[Black "Dudt, Jonas"]
[Result "1-0"]
[Termination "normal"]
[Board "5.6"]
[WhiteElo "1869"]
[BlackElo "1692"]
[WhiteTeam "OSG Baden-Baden"]
[BlackTeam "Heilbronner SV"]
[PlyCount "85"]
[WhiteFideId "12968005"]
[BlackFideId "12983152"]
[EventCountry "GER"]
[EventRounds "7"]
[EventType "team-swiss"]
[EventDate "2015.12.26"]

1. c4 c5 2. g3 g6 3. Bg2 Bg7 4. Nc3 Nc6 5. e3 e6 6. Nge2 Nge7 7. O-O d5 8. cxd5
exd5 9. d4 cxd4 10. Nxd4 Nxd4 11. exd4 O-O 12. Be3 Be6 13. Qd2 Qd6 14. Rac1
Rac8 15. Bg5 Nf5 16. Be3 Ne7 17. a3 a6 18. b4 b5 19. Ne2 Rxc1 20. Rxc1 Rc8 21.
Rc5 Nf5 22. Nf4 Nxe3 23. fxe3 Rxc5 24. bxc5 Qc6 25. Qa2 g5 26. Nxd5 Kf8 27. Nc7
Bxa2 28. Bxc6 Bc4 29. Nxa6 g4 30. Nc7 Bh6 31. Kf2 Bg5 32. Bxb5 Bxb5 33. Nxb5
Bd8 34. e4 Ke8 35. Ke3 Bg5+ 36. Kd3 Kd7 37. d5 Bf6 38. a4 Be5 39. a5 Kc8 40.
Nd6+ Kb8 41. Nxf7 Bc7 42. a6 Ka7 43. d6 1-0

[Event "DVM U20 2015"]
[Site "Osnabrück GER"]
[Date "2015.12.29"]
[Round "6"]
[White "Flüchter, Gregor"]
[Black "Noe, Christopher"]
[Result "1/2-1/2"]
[Termination "normal"]
[Board "6.1"]
[BlackTitle "FM"]
[WhiteElo "2189"]
[BlackElo "2414"]
[WhiteTeam "SF Brackel 1930"]
[BlackTeam "SC Eppingen"]
[PlyCount "85"]
[WhiteFideId "12903396"]
[BlackFideId "24692018"]
[EventCountry "GER"]
[EventRounds "7"]
[EventType "team-swiss"]
[EventDate "2015.12.26"]

1. e4 d6 2. d4 Nf6 3. Nc3 g6 4. Be3 Bg7 5. f3 O-O 6. Qd2 e5 7. d5 Nh5 8. g4 Nf4
9. Nge2 f5 10. gxf5 gxf5 11. O-O-O Nxe2+ 12. Qxe2 Qh4 13. Bf2 Qh5 14. Bg2 fxe4
15. Nxe4 Nd7 16. Kb1 Nf6 17. Qe1 Qf7 18. Bh4 Nh5 19. Bg3 Nf4 20. Bf1 h6 21. Rg1
Nh3 22. Bxh3 Bxh3 23. Rd3 Kh8 24. Bf2 Bf5 25. Be3 Qh5 26. Bc1 Bh7 27. Rg3 Rf7
28. Qg1 Raf8 29. Qg2 Bxe4 30. fxe4 Rf2 31. Qh3 Rxh2 32. Qd7 Qf7 33. Qg4 h5 34.
Rh3 Bh6 35. Rxh2 hxg4 36. Rxh6+ Kg7 37. Rg3 Rg8 38. Rxg4+ Kf8 39. Rgh4 Ke8 40.
b3 b6 41. Rh7 Rg7 42. Rh8+ Rg8 43. R4h7 1/2-1/2

[Event "DVM U20 2015"]
[Site "Osnabrück GER"]
[Date "2015.12.29"]
[Round "6"]
[White "Bay, Nicolai"]
[Black "Reisberg, Andre"]
[Result "1-0"]
[Termination "normal"]
[Board "6.2"]
[WhiteElo "2000"]
[BlackElo "1995"]
[WhiteTeam "SC Eppingen"]
[BlackTeam "SF Brackel 1930"]
[PlyCount "109"]
[WhiteFideId "12927619"]
[BlackFideId "1270630"]
[EventCountry "GER"]
[EventRounds "7"]
[EventType "team-swiss"]
[EventDate "2015.12.26"]

1. e4 e6 2. d4 d5 3. Nd2 Nf6 4. e5 Nfd7 5. Bd3 c5 6. c3 Nc6 7. Ne2 cxd4 8. cxd4
f6 9. exf6 Nxf6 10. O-O Bd6 11. Nf3 Qc7 12. Bg5 O-O 13. Bh4 Nh5 14. Qc2 h6 15.
Bg6 Rxf3 16. Bxh5 Bxh2+ 17. Kh1 Rf5 18. Bg6 Bd6 19. Bxf5 exf5 20. f4 Qf7 21.
Bf2 Bd7 22. Kg1 Re8 23. Rfe1 Re4 24. Qd2 Qe8 25. Nc3 Rxe1+ 26. Rxe1 Qf7 27. Qe3
Ne7 28. Qf3 Bc6 29. a3 a5 30. g3 Nc8 31. Qe2 Bc7 32. Qe6 Qxe6 33. Rxe6 Kf7 34.
Re2 Nd6 35. b3 Ne4 36. Rc2 Bd6 37. a4 Nxc3 38. Rxc3 Ke6 39. Kg2 h5 40. Be1 Kd7
41. Rc1 b6 42. Bc3 g6 43. Re1 Be7 44. Kf3 Bd6 45. Bb2 Bb4 46. Ra1 Be7 47. Ba3
Bf6 48. Rd1 Bg7 49. Ke3 Bh6 50. Ra1 Bg7 51. b4 Bxa4 52. bxa5 bxa5 53. Bc5 Bc2
54. Rxa5 Bf6 55. Ra6 1-0

[Event "DVM U20 2015"]
[Site "Osnabrück GER"]
[Date "2015.12.29"]
[Round "6"]
[White "Birnkraut, Tim"]
[Black "Mütsch, Annmarie"]
[Result "1/2-1/2"]
[Termination "normal"]
[Board "6.3"]
[WhiteElo "1892"]
[BlackElo "1880"]
[WhiteTeam "SF Brackel 1930"]
[BlackTeam "SC Eppingen"]
[PlyCount "92"]
[WhiteFideId "24609587"]
[BlackFideId "12971367"]
[EventCountry "GER"]
[EventRounds "7"]
[EventType "team-swiss"]
[EventDate "2015.12.26"]

1. e4 e5 2. Nf3 Nc6 3. Bc4 Bc5 4. c3 Nf6 5. d4 exd4 6. e5 d5 7. Be2 Ne4 8. cxd4
Bb6 9. O-O O-O 10. Nc3 f5 11. exf6 Nxf6 12. a3 Ne7 13. b4 c6 14. Ne5 Kh8 15.
Na4 Nf5 16. Bb2 Be6 17. Re1 Ne4 18. Bf3 Ng5 19. Nxb6 axb6 20. Bg4 Qf6 21. Rf1
Ne4 22. Bxf5 Qxf5 23. f3 Nd6 24. Qd2 Qf6 25. Rae1 Rae8 26. Bc1 b5 27. Qg5 Qxg5
28. Bxg5 Nc4 29. Bc1 Nxe5 30. Rxe5 Bd7 31. Rfe1 Rxe5 32. Rxe5 Re8 33. Bf4 Rxe5
34. Bxe5 Kg8 35. Kf2 Kf7 36. Ke3 g6 37. Kf4 Bf5 38. Kg5 Bd3 39. h4 h5 40. g4
hxg4 41. fxg4 Be2 42. h5 gxh5 43. gxh5 Bd3 44. h6 Bh7 45. Bg7 Ke6 46. Kf4 Be4
1/2-1/2

[Event "DVM U20 2015"]
[Site "Osnabrück GER"]
[Date "2015.12.29"]
[Round "6"]
[White "Schwiddessen, Jan"]
[Black "Hermann, Tobias"]
[Result "0-1"]
[Termination "normal"]
[Board "6.5"]
[WhiteElo "1859"]
[BlackElo "1959"]
[WhiteTeam "SF Brackel 1930"]
[BlackTeam "SC Eppingen"]
[PlyCount "46"]
[WhiteFideId "1270631"]
[BlackFideId "12903701"]
[EventCountry "GER"]
[EventRounds "7"]
[EventType "team-swiss"]
[EventDate "2015.12.26"]

1. Nf3 Nf6 2. d4 d5 3. c4 e6 4. Nc3 Be7 5. cxd5 exd5 6. Bf4 c6 7. Qc2 O-O 8. e3
Nbd7 9. Bd3 Re8 10. h3 Nf8 11. O-O Ne6 12. Be5 g6 13. Rab1 Ng7 14. b4 a6 15. a4
Bf5 16. Rfc1 Bd6 17. Rb3 Ne4 18. b5 axb5 19. axb5 c5 20. Bxd6 c4 21. Nxd5 cxb3
22. Ne7+ Kh8 23. Ne5 Nxd6 0-1

[Event "DVM U20 2015"]
[Site "Osnabrück GER"]
[Date "2015.12.29"]
[Round "6"]
[White "Keller, Peter"]
[Black "Urban, Lars"]
[Result "1/2-1/2"]
[Termination "normal"]
[Board "7.1"]
[WhiteTitle "FM"]
[WhiteElo "2292"]
[BlackElo "2178"]
[WhiteTeam "Frankfurter TV 1860"]
[BlackTeam "SV Empor Erfurt"]
[PlyCount "65"]
[WhiteFideId "1272105"]
[BlackFideId "4644034"]
[EventCountry "GER"]
[EventRounds "7"]
[EventType "team-swiss"]
[EventDate "2015.12.26"]

1. e4 e6 2. d4 d5 3. Nd2 c5 4. exd5 exd5 5. Ngf3 Nf6 6. Bb5+ Bd7 7. Bxd7+ Nbxd7
8. O-O Be7 9. dxc5 Nxc5 10. Nb3 Nce4 11. Nfd4 Qd7 12. f3 Nd6 13. Nc5 Qc8 14.
Nd3 O-O 15. Re1 Bd8 16. Be3 Re8 17. Bf2 Bb6 18. Qd2 Qd7 19. c3 h6 20. Qf4 Nc4
21. Nf5 Bxf2+ 22. Nxf2 Rxe1+ 23. Rxe1 Re8 24. Rf1 Qe6 25. Nd4 Qe3 26. Qxe3 Rxe3
27. Nd1 Re8 28. Kf2 Ne5 29. Ke3 Nfd7 30. b3 Nc6+ 31. Kd2 Nc5 32. g3 Ne6 33. Re1
1/2-1/2

[Event "DVM U20 2015"]
[Site "Osnabrück GER"]
[Date "2015.12.29"]
[Round "6"]
[White "Medvedovski, Michael"]
[Black "Heinke, Jasper"]
[Result "1-0"]
[Termination "normal"]
[Board "7.3"]
[WhiteElo "1966"]
[BlackElo "1932"]
[WhiteTeam "Frankfurter TV 1860"]
[BlackTeam "SV Empor Erfurt"]
[PlyCount "59"]
[WhiteFideId "24600830"]
[BlackFideId "12976466"]
[EventCountry "GER"]
[EventRounds "7"]
[EventType "team-swiss"]
[EventDate "2015.12.26"]

1. e4 e6 2. Nf3 d5 3. Nc3 d4 4. Ne2 c5 5. c3 Nc6 6. cxd4 Nf6 7. e5 Nd7 8. dxc5
Ndxe5 9. Nxe5 Nxe5 10. d4 Bxc5 11. Be3 Bb4+ 12. Nc3 Nc6 13. Bb5 O-O 14. O-O Ne7
15. Qb3 Ba5 16. Rfd1 a6 17. Be2 Qb6 18. Qxb6 Bxb6 19. Bf3 Ba5 20. a3 Bxc3 21.
bxc3 Nd5 22. c4 Nxe3 23. fxe3 Rb8 24. Rdb1 Re8 25. Rb6 e5 26. Rab1 e4 27. Be2
Re6 28. c5 a5 29. c6 Re7 30. d5 1-0

[Event "DVM U20 2015"]
[Site "Osnabrück GER"]
[Date "2015.12.29"]
[Round "6"]
[White "Streichardt, Niklas"]
[Black "Pham, Phuong-Bao"]
[Result "1-0"]
[Termination "normal"]
[Board "7.4"]
[WhiteElo "1870"]
[BlackElo "1829"]
[WhiteTeam "SV Empor Erfurt"]
[BlackTeam "Frankfurter TV 1860"]
[PlyCount "53"]
[WhiteFideId "12962643"]
[BlackFideId "12939196"]
[EventCountry "GER"]
[EventRounds "7"]
[EventType "team-swiss"]
[EventDate "2015.12.26"]

1. e4 c5 2. b3 Nc6 3. Bb2 Nf6 4. Nc3 d5 5. exd5 Nxd5 6. Bb5 e5 7. Qh5 Ndb4 8.
Qxe5+ Qe7 9. Qxe7+ Bxe7 10. O-O-O Bf5 11. d3 Bg5+ 12. Kb1 O-O-O 13. a3 Nxc2 14.
Bxc6 Nxa3+ 15. Bxa3 Rxd3 16. Rxd3 Bxd3+ 17. Kb2 bxc6 18. Nf3 Bf6 19. Bxc5 Rd8
20. Rd1 Rd5 21. Bxa7 c5 22. Bxc5 Be4 23. Rxd5 Bxd5 24. Kc2 Bc6 25. Kd3 Kd7 26.
Bd4 Be7 27. Ne5+ 1-0

[Event "DVM U20 2015"]
[Site "Osnabrück GER"]
[Date "2015.12.29"]
[Round "6"]
[White "Werle, Joshua"]
[Black "Dietrich, Mareike"]
[Result "1-0"]
[Termination "normal"]
[Board "7.5"]
[WhiteElo "1794"]
[BlackElo "1740"]
[WhiteTeam "Frankfurter TV 1860"]
[BlackTeam "SV Empor Erfurt"]
[PlyCount "118"]
[WhiteFideId "12973890"]
[BlackFideId "12902470"]
[EventCountry "GER"]
[EventRounds "7"]
[EventType "team-swiss"]
[EventDate "2015.12.26"]

1. d4 d5 2. c4 c6 3. Nf3 Nf6 4. Nbd2 Bf5 5. Nh4 Bg6 6. Qb3 Qb6 7. Qh3 e6 8.
Nxg6 fxg6 9. Qxe6+ Be7 10. c5 Qc7 11. Nf3 Nbd7 12. g3 Nf8 13. Qe3 O-O-O 14.
Bh3+ Kb8 15. Qa3 Nh5 16. O-O Re8 17. Bd2 Bd8 18. Rfe1 Ne6 19. Rac1 g5 20. Bxe6
Rxe6 21. Nxg5 Rg6 22. Nh3 Qf7 23. Qf3 Rf6 24. Qg2 h6 25. Nf4 g5 26. Nxh5 Qxh5
27. Rc3 Rhf8 28. Rf3 Rxf3 29. exf3 Rxf3 30. Re3 Rf8 31. g4 Qg6 32. Qf1 Rf4 33.
f3 Rxd4 34. Bc3 Rc4 35. Be5+ Kc8 36. Bd6 b6 37. b3 d4 38. Re1 bxc5 39. Qxc4
Qxd6 40. Re6 Qd5 41. Qxd5 cxd5 42. Rc6+ Kd7 43. Rxc5 Kd6 44. Rc1 Ke5 45. Kf2
Kf4 46. Rc8 Bb6 47. Rf8+ Ke5 48. Ke2 Bc5 49. Rf5+ Ke6 50. Kd3 Bb6 51. b4 Bc7
52. Kxd4 Bxh2 53. Rxd5 Bg1+ 54. Ke4 Bb6 55. a4 Bf2 56. Ra5 Kf7 57. Kf5 Bb6 58.
Ra6 Kg7 59. Rxb6 axb6 1-0

[Event "DVM U20 2015"]
[Site "Osnabrück GER"]
[Date "2015.12.29"]
[Round "6"]
[White "Sommer, Jan"]
[Black "Engel, Jan"]
[Result "0-1"]
[Termination "normal"]
[Board "7.6"]
[WhiteElo "1718"]
[BlackElo "1698"]
[WhiteTeam "SV Empor Erfurt"]
[BlackTeam "Frankfurter TV 1860"]
[PlyCount "92"]
[WhiteFideId "24690090"]
[BlackFideId "12993557"]
[EventCountry "GER"]
[EventRounds "7"]
[EventType "team-swiss"]
[EventDate "2015.12.26"]

1. e4 c6 2. d4 d5 3. exd5 cxd5 4. Bd3 Nf6 5. h3 Nc6 6. c3 e5 7. dxe5 Nxe5 8.
Nf3 Nc6 9. O-O Be7 10. Bf4 O-O 11. Nbd2 d4 12. Ne4 Nxe4 13. Bxe4 dxc3 14. bxc3
Be6 15. Qb1 f5 16. Qxb7 fxe4 17. Qxc6 Bd5 18. Bc7 Bxc6 19. Bxd8 Raxd8 20. Nd4
Ba8 21. Ne6 Bf6 22. Nxd8 Rxd8 23. Rad1 Rd3 24. c4 Kf7 25. Rfe1 Bc6 26. Kf1 Bd4
27. Ke2 Bc3 28. Rg1 Rd4 29. Rxd4 Bxd4 30. Rd1 Bc5 31. Rd8 Ke7 32. Rg8 Bd4 33.
f3 exf3+ 34. gxf3 Be8 35. Kd3 Bf6 36. c5 g6 37. c6 Bxc6 38. Rc8 Kd7 39. Rf8 Ke7
40. Rc8 Bd7 41. Rc7 a6 42. Ra7 h5 43. Kc4 Kd6 44. Rxa6+ Ke5 45. a4 Bxh3 46. a5
Bf1+ 0-1

[Event "DVM U20 2015"]
[Site "Osnabrück GER"]
[Date "2015.12.29"]
[Round "6"]
[White "Kieslich, Aaron"]
[Black "Ott, Florian"]
[Result "1/2-1/2"]
[Termination "normal"]
[Board "8.1"]
[WhiteElo "2007"]
[BlackElo "2292"]
[WhiteTeam "TuS Coswig 1920"]
[BlackTeam "SC Forchheim"]
[PlyCount "57"]
[WhiteFideId "1270391"]
[BlackFideId "12900281"]
[EventCountry "GER"]
[EventRounds "7"]
[EventType "team-swiss"]
[EventDate "2015.12.26"]

1. d4 Nf6 2. c4 e6 3. Nc3 Bb4 4. e3 Bxc3+ 5. bxc3 d6 6. Bd3 c5 7. Nf3 O-O 8.
O-O Nc6 9. e4 e5 10. d5 Ne7 11. Nh4 h6 12. f4 exf4 13. Bxf4 Ng6 14. Nxg6 fxg6
15. e5 dxe5 16. Bxe5 Ng4 17. Rxf8+ Qxf8 18. Bg3 Ne3 19. Qd2 Nf5 20. Bf2 b6 21.
Re1 Bd7 22. Qf4 Qf6 23. Qc7 Qxc3 24. Bxf5 Bxf5 25. d6 Qd2 26. Re7 Qd1+ 27. Re1
Qd2 28. Re7 Qd1+ 29. Re1 1/2-1/2

[Event "DVM U20 2015"]
[Site "Osnabrück GER"]
[Date "2015.12.29"]
[Round "6"]
[White "Wichmann, Adrian"]
[Black "Linnemann, Niklas"]
[Result "1/2-1/2"]
[Termination "normal"]
[Board "8.2"]
[WhiteElo "2014"]
[BlackElo "2029"]
[WhiteTeam "SC Forchheim"]
[BlackTeam "TuS Coswig 1920"]
[PlyCount "44"]
[WhiteFideId "12904708"]
[BlackFideId "24695645"]
[EventCountry "GER"]
[EventRounds "7"]
[EventType "team-swiss"]
[EventDate "2015.12.26"]

1. e4 c5 2. Nf3 e6 3. d4 cxd4 4. Nxd4 Nf6 5. Nc3 Bb4 6. Bd3 Nc6 7. Nxc6 bxc6 8.
O-O d5 9. exd5 cxd5 10. Bg5 Be7 11. Qe2 O-O 12. Rfd1 Bb7 13. Bf4 Rc8 14. Nb5 a6
15. Nd4 Nd7 16. c3 Bf6 17. Bd6 Re8 18. Ba3 Qb6 19. Nf3 Nc5 20. Bc2 e5 21. Rac1
d4 22. Bxc5 Bxf3 1/2-1/2

[Event "DVM U20 2015"]
[Site "Osnabrück GER"]
[Date "2015.12.29"]
[Round "6"]
[White "Hofmann, Rares"]
[Black "Stephan, Michael"]
[Result "1/2-1/2"]
[Termination "normal"]
[Board "8.3"]
[WhiteElo "2030"]
[BlackElo "1911"]
[WhiteTeam "TuS Coswig 1920"]
[BlackTeam "SC Forchheim"]
[PlyCount "74"]
[WhiteFideId "12976440"]
[BlackFideId "24656852"]
[EventCountry "GER"]
[EventRounds "7"]
[EventType "team-swiss"]
[EventDate "2015.12.26"]

1. e4 e5 2. Nf3 Nc6 3. Bb5 a6 4. Bxc6 dxc6 5. O-O f6 6. d4 exd4 7. Nxd4 c5 8.
Nb3 Qxd1 9. Rxd1 Bd7 10. Be3 b6 11. a4 a5 12. Nc3 O-O-O 13. Rd2 Ne7 14. Rad1
Nc6 15. Nb5 Ne5 16. f4 Nc4 17. Na7+ Kb7 18. Rxd7 Nxe3 19. Rxd8 Nxd1 20. Rxd1
Kxa7 21. c4 Bd6 22. g3 Re8 23. Re1 c6 24. Rd1 Rxe4 25. Rxd6 Rxc4 26. Nd2 Rxa4
27. b3 Rd4 28. Nc4 Rxd6 29. Nxd6 b5 30. Kf2 c4 31. bxc4 a4 32. cxb5 a3 33. bxc6
a2 34. c7 a1=Q 35. c8=Q Qd4+ 36. Kg2 Qd5+ 37. Kg1 Qd1+ 1/2-1/2

[Event "DVM U20 2015"]
[Site "Osnabrück GER"]
[Date "2015.12.29"]
[Round "6"]
[White "Wagner, Robert"]
[Black "Merker, Konstantin"]
[Result "1-0"]
[Termination "normal"]
[Board "8.4"]
[WhiteElo "1934"]
[BlackElo "1801"]
[WhiteTeam "SC Forchheim"]
[BlackTeam "TuS Coswig 1920"]
[PlyCount "115"]
[WhiteFideId "24656879"]
[BlackFideId "12964239"]
[EventCountry "GER"]
[EventRounds "7"]
[EventType "team-swiss"]
[EventDate "2015.12.26"]

1. d4 Nf6 2. c4 g6 3. Nc3 Bg7 4. e4 d6 5. Be2 O-O 6. Be3 e5 7. d5 Ne8 8. g4 f5
9. gxf5 gxf5 10. exf5 Bxf5 11. Bd3 Nd7 12. Nge2 Bg4 13. Rg1 Qh4 14. Qd2 Nc5 15.
Bc2 e4 16. O-O-O Nf6 17. Rg3 Bf3 18. Rdg1 Nh5 19. Rg5 Rf7 20. Bd4 Re8 21. Ng3
Nxg3 22. R5xg3 Ree7 23. Bxg7 Rxg7 24. Qd4 Qh6+ 25. Kb1 Rxg3 26. Rxg3+ Rg7 27.
Rxg7+ Qxg7 28. Qxg7+ Kxg7 29. b4 Nd3 30. Bxd3 exd3 31. Kc1 Bh5 32. Kd2 Bg6 33.
Nb5 Kf6 34. Nxc7 Ke5 35. Ke3 d2 36. f4+ Kf5 37. Kxd2 Kxf4 38. Nb5 Ke5 39. Nxa7
Kd4 40. Nb5+ Kxc4 41. Nxd6+ Kxb4 42. Nxb7 Kc4 43. d6 Bf5 44. a4 Kd5 45. a5 Kc6
46. a6 Bc8 47. Nc5 Bxa6 48. Nxa6 Kxd6 49. Ke3 Ke5 50. Kf3 Kf5 51. Nc5 Kg5 52.
Kg3 Kh5 53. Ne6 Kg6 54. Kg4 Kf6 55. Nf4 Kg7 56. Kg5 Kg8 57. Kh6 Kh8 58. Nh5 1-0

[Event "DVM U20 2015"]
[Site "Osnabrück GER"]
[Date "2015.12.29"]
[Round "6"]
[White "Moses, Selina"]
[Black "Braun, Kristin"]
[Result "0-1"]
[Termination "normal"]
[Board "8.5"]
[WhiteElo "1808"]
[BlackElo "1789"]
[WhiteTeam "TuS Coswig 1920"]
[BlackTeam "SC Forchheim"]
[PlyCount "64"]
[WhiteFideId "12908070"]
[BlackFideId "24656534"]
[EventCountry "GER"]
[EventRounds "7"]
[EventType "team-swiss"]
[EventDate "2015.12.26"]

1. e4 d5 2. exd5 Nf6 3. Bb5+ Bd7 4. Be2 Bf5 5. d4 Nxd5 6. Nf3 Nc6 7. a3 g6 8.
c4 Nb6 9. d5 Nb8 10. Nd4 Bd7 11. O-O Bg7 12. Nc3 c5 13. Nf3 Qc7 14. Ne4 Ba4 15.
Qd3 f5 16. Neg5 Bd7 17. Nh3 e5 18. dxe6 Bxe6 19. Qe3 Qe7 20. Re1 Nc6 21. Qb3
Nd4 22. Nxd4 Bxd4 23. Bd3 O-O-O 24. Bg5 Bf6 25. Nf4 Rd6 26. Bxf6 Qxf6 27. Qb5
Nd7 28. Qa4 Ra6 29. Qc2 Re8 30. b4 cxb4 31. axb4 Rxa1 32. Rxa1 Qxa1+ 0-1

[Event "DVM U20 2015"]
[Site "Osnabrück GER"]
[Date "2015.12.29"]
[Round "6"]
[White "Herter, Leonhard"]
[Black "Pührer, Anne"]
[Result "0-1"]
[Termination "normal"]
[Board "8.6"]
[WhiteElo "1260"]
[BlackElo "1738"]
[WhiteTeam "SC Forchheim"]
[BlackTeam "TuS Coswig 1920"]
[PlyCount "55"]
[WhiteFideId "24697745"]
[BlackFideId "24692247"]
[EventCountry "GER"]
[EventRounds "7"]
[EventType "team-swiss"]
[EventDate "2015.12.26"]

1. e4 c5 2. Nc3 d6 3. Bc4 e6 4. Nge2 a6 5. a4 Nc6 6. d3 g6 7. O-O Bg7 8. Re1
Nge7 9. Nf4 O-O 10. Bd2 Bd7 11. Ra3 Rc8 12. Qb1 Nd4 13. Nfe2 Nec6 14. Bf4 Qe7
15. Nxd4 Nxd4 16. Rc1 b5 17. axb5 axb5 18. Ra6 e5 19. Nd5 Qd8 20. Be3 Ne2+ 21.
Kf1 Nxc1 22. Qxc1 bxc4 23. Rxd6 Rc6 24. Rxc6 Bxc6 25. Bxc5 Bxd5 26. exd5 cxd3
27. Bxf8 Qxf8 28. c4 0-1